000 00628nam a2200241Ia 4500
003 0100
008 130227s9999 xx 000 0 und d
020 _a1852870346
040 _cARRUPELIB
050 _aBR1450.C534
100 _aChikane, Frank
245 4 _aThe Churches and the South African crisis
260 _aLondon
260 _bCatholic Institute for International Relations
260 _C1988
300 _a13p
300 _b 21cm
440 _aCIIR justice paper n.11
650 _bInterdenominational cooperation
650 _cSocial ethics
650 _dChurch and social problems
942 _2lcc
_02
999 _c5721
_d5721